| 000 | 00476nam a2200157 4500 | ||
|---|---|---|---|
| 001 | 136201 | ||
| 003 | ES-MaACL | ||
| 005 | 20230906195047.0 | ||
| 007 | t| | ||
| 008 | 070214s1943 sp r ||||1| spa d | ||
| 100 | 1 |
_aSabater, Gaspar. _9101173 |
|
| 245 | 1 | 0 |
_aEn torno a la afirmación española _b: (el espíritu de la nueva generación) / _cGaspar Sabater. |
| 260 |
_aMadrid : _bEd. Nacional, _c1943. |
||
| 300 |
_a114 p. ; _c22 cm. |
||
| 852 |
_aES-MaACL _jC-3944 _bR.23309 |
||
| 999 |
_c136201 _d136201 |
||